Freguesias de Portugal começadas por "Póvoa de..." - Statistics

Estatísticas Gerais
  • Esse quiz foi jogado 24 vezes
  • A pontuação média é 4 de 14
Estatísticas das Respostas
Distrito Freguesia % Correto
Porto

Póvoa de {Varzim}

85%
Braga

Póvoa de {Lanhoso}

80%
Lisboa

Póvoa de {Santa} {Iria}

70%
Lisboa

Póvoa de {Santo} {Adrião}

35%
Santarém

Póvoa de {Santarém}

20%
Castelo Branco

Póvoa de {Rio} {de} {Moinhos}

15%
Beja

Póvoa de {São} {Miguel}

15%
Santarém

Póvoa da {Isenta}

10%
Castelo Branco

Póvoa de {Atalaia}

10%
Guarda

Póvoa do {Concelho}

10%
Vila Real

Póvoa de {Agrações}

5%
Viseu

Póvoa de {Cervães}

5%
Coimbra

Póvoa de {Midões}

5%
Viseu

Póvoa de {Penela}

5%
Nenhum quiz correspondente encontrado
Distribuição das Pontuações
Porcentagem de Pessoas com Cada Pontuação
Percentil de Números Respondidos
Sua Pontuação Histórica
Você não jogou esse quiz